O'Higgins

Αποθηκεύτηκε σε:
Λεπτομέρειες βιβλιογραφικής εγγραφής
Κύριος συγγραφέας: Eyzaguirre Gutiérrez, Jaime (autor)
Μορφή: Βιβλίο
Γλώσσα:Ισπανικά
Έκδοση: Santiago Zig-Zag 1946
Θέματα:
Ετικέτες: Προσθήκη ετικέτας
Δεν υπάρχουν, Καταχωρήστε ετικέτα πρώτοι!

MARC

LEADER 00000nam a2200000 a 4500
001 UCP7957
003 CL-VaPUC
008 000106e19460000CL |||||||||||||||||spa|d
082 0 4 |a 923.1  |b EYZ  |2 21 
100 |a Eyzaguirre Gutiérrez, Jaime  |e autor  |9 584583 
245 1 0 |a O'Higgins 
300 |a 477 p 
942 |c BK 
945 |d 20000106 00:00:00  |a rherrera 
260 |a Santiago  |b Zig-Zag  |c 1946 
600 0 |a O'higgins Riquelme, Bernardo  |9 317764 
650 0 |a Biografías  |9 255210 
650 0 |a Jefes de estado  |9 368246 
650 7 |a LIBERTADORES  |2 CL-VaPUC  |9 317968 
650 0 |a Independencia   |9 344246 
650 0 |a Cartas  |9 321777 
651 7 |a CHILE  |2 CL-VaPUC  |9 437706 
583 |a last modification  |c 20000106 00:00:00  |k Rodrigo Vera 
999 |c 284994  |d 284992 
952 |0 0  |1 0  |4 0  |6 923_100000000000000_EYZ_1946  |7 0  |8 X  |9 329331  |a BIBHIS  |b BIBHIS  |d 2019-11-20  |i 1376810  |o 923.1 EYZ 1946  |p 1376810  |r 2024-01-30  |w 2019-11-20  |y BK_X  |k HIS 
952 |0 0  |1 0  |4 0  |6 923_100000000000000_EYZ_1946  |7 0  |8 X  |9 329332  |a BIBHIS  |b BIBHIS  |d 2019-11-20  |i 4449924  |o 923.1 EYZ 1946  |p 4449924  |r 2024-01-30  |w 2019-11-20  |y BK_X  |k HIS